000 00891nam a2200265Ia 4500
003 OSt
005 20221005111131.0
006 a|||||r|||| 00| 0
007 ta
008 221004b |||||||| |||| 00| 0 hin d
020 _a8170553717 (hbk)
_c990
024 _a17401
037 _b518, 21/03/2015, Vani Prakashan
_cTextual
040 _aCRL
_cCRL
_bhin
041 _2hin
_ahin
082 _aV:(R), 152P7
100 _aशर्मा, रामविलास
245 0 _aइतिहास दर्शन
246 _aItihās darshana
260 _aनई दिल्ली
_bवाणी प्रकाशन भारत
_c2007
300 _a410पृ0
_ccm.
650 _aविश्व-इतिहास
942 _hV:(R), 152P7
_cTEXL
_2cc
999 _c1020914
_d1020914